Geography of Vietnam - Statistics

General Stats
  • This quiz has been taken 427 times
  • The average score is 13 of 19
Answer Stats
Question Answer % Correct
What is the capital of Vietnam? Hanoi
98%
What was the former name of Ho Chi Minh city? Saigon
97%
What country shares the longest border with Vietnam? Laos
92%
What river starts in Qinghai, China and empties in southern Vietnam? Mekong
91%
What is the name for the region that includes Vietnam, Cambodia, and Laos? Indochina
88%
What sea is bordered by China, Vietnam, Philippines, and Indonesia? South China Sea
87%
What family name is shared by approximately 40% of Vietnamese people? Nguyen
82%
What is the official currency of Vietnam? Dong
77%
What popular bean is Vietnam world's second largest producer of, after Brazil? Coffee
75%
What picturesque bay is composed of about 2000 small islands? Hạ {Long} Bay
66%
What is the name for the Vietnamese New Year? Tet
66%
What is the most populous city in Central Vietnam? Da Nang
65%
What gulf off the northern coast of Vietnam was site of a fake "incident" in 1964? Gulf of Tonkin
52%
In what gulf is the island of Phú Quốc located? Gulf of Thailand
50%
What river flows through that city? Red River
50%
What three-letter city was the capital of the last Vietnamese monarchy between 1802–1945? Hue
47%
What Vietnamese ethnic group of hill people emigrated in large numbers to the U.S. after the Vietnam War? Hmong
45%
What famous tourist attraction site could be found between Vietnam and China? Ban Gioc {Waterfall}
19%
What mountian range covers the central parts of Vietnam? Annamite Range
12%
No matching quizzes found
Score Distribution
Percent of People with Each Score
Percentile by Number Answered
Your Score History
You have not taken this quiz